CATÁLOGO PÚBLICO DE LA BIBLIOTECA OSCAR VARSAVSKY

Cómo competir y ganar en el mercado de la opinión pública. (Registro nro. 3784)

Detalles MARC
000 -CABECERA
campo de control de longitud fija 00487nam a22001937a 4500
001 - NÚMERO DE CONTROL
campo de control T027600002631
008 - DATOS DE LONGITUD FIJA--INFORMACIÓN GENERAL
campo de control de longitud fija 181111b xve|||||r|||| 00| | esp d
020 ## - NÚMERO INTERNACIONAL ESTÁNDAR DEL LIBRO
Número Internacional Estándar del Libro 950-08-1072-7
099 ## - SIGNATURA TOPOGRÁFICA LOCAL
Número de clasificación 384
Cutter B7377
100 ## - ENTRADA PRINCIPAL--NOMBRE DE PERSONA
Nombre de persona Borrini, Alberto.
245 ## - MENCIÓN DE TÍTULO
Título Cómo competir y ganar en el mercado de la opinión pública.
260 ## - PUBLICACIÓN, DISTRIBUCIÓN, ETC. (PIE DE IMPRENTA)
Lugar de publicación, distribución, etc. 1992
300 ## - DESCRIPCIÓN FÍSICA
Extensión 268
500 ## - NOTA GENERAL
Nota general
650 ## - PUNTO DE ACCESO ADICIONAL DE MATERIA--TÉRMINO DE MATERIA
Término de materia o nombre geográfico como elemento inicial Mediatización.
650 ## - PUNTO DE ACCESO ADICIONAL DE MATERIA--TÉRMINO DE MATERIA
Término de materia o nombre geográfico como elemento inicial Herramientas.
650 ## - PUNTO DE ACCESO ADICIONAL DE MATERIA--TÉRMINO DE MATERIA
Término de materia o nombre geográfico como elemento inicial El manejo de la controversia.
942 ## - ELEMENTOS DE PUNTO DE ACCESO ADICIONAL (KOHA)
Tipo de ítem Koha Libro
Existencias
Estado de retiro Estado de pérdida Estado dañado No para préstamo Localización permanente Ubicación/localización actual Fecha de adquisición Total de préstamos Signatura topográfica completa Código de barras Fecha visto por última vez Precio válido a partir de Tipo de ítem Koha
        Oscar Varsavsky Oscar Varsavsky 13.11.2018   384 B7377 T027600002623 13.11.2018 13.11.2018 Libro